Awareness perceptions among managements, teachers and school staffs related to safety, health and environment aspects in special education primary schools /
Saved in:
| Main Author: | |
|---|---|
| Format: | Thesis Book |
| Language: | English |
| Published: |
2018.
|
| Subjects: | |
| Online Access: | http://studentsrepo.um.edu.my/9048/ |
| Tags: |
Add Tag
No Tags, Be the first to tag this record!
|
| LEADER | 01658cam a2200373 i 4500 | ||
|---|---|---|---|
| 001 | u1091049 | ||
| 003 | SIRSI | ||
| 005 | 201808030915 | ||
| 008 | 180803s2018 my a m 000 0 eng | ||
| 040 | |a UMM |d UMJ |e rda | ||
| 043 | |a a-my---- | ||
| 090 | |a TD7 |b UM 2018 Mazb | ||
| 097 | |a TD7 |b UM 2018 Mazb | ||
| 100 | 0 | |a Maziah Borhanuddin, |e author. | |
| 245 | 1 | 0 | |a Awareness perceptions among managements, teachers and school staffs related to safety, health and environment aspects in special education primary schools / |c Maziah Binti Borhanuddin. |
| 264 | 1 | |c 2018. | |
| 300 | |a xiii, 76 leaves : |b illustrations ; |c 30 cm. | ||
| 336 | |a text |2 rdacontent | ||
| 337 | |a unmediated |2 rdamedia | ||
| 338 | |a volume |2 rdacarrier | ||
| 502 | |b M.Eng. |c Jabatan Kejuruteraan Kimia, Fakulti Kejuruteraan, Universtiti Malaya |d 2018. | ||
| 504 | |a Bibliography: leaves 66-70. | ||
| 650 | 0 | |a Students |x Health and hygiene |z Malaysia. | |
| 650 | 0 | |a Schools |z Malaysia |x Safety measures | |
| 650 | 0 | |a School management and organization |z Malaysia. | |
| 650 | 0 | |a Special education |z Malaysia. | |
| 650 | 0 | |a Education, Primary |z Malaysia. | |
| 710 | 2 | |a Universiti Malaya. |b Jabatan Kejuruteraan Kimia, |e degree granting institution. | |
| 856 | 4 | 1 | |u http://studentsrepo.um.edu.my/9048/ |
| 596 | |a 1 7 | ||
| 900 | |a NSM AMA | ||
| 999 | |a TD7 UM 2018 MAZB |w LC |c 1 |i A517058374 |d 29/1/2023 |e 29/1/2023 |f 13/8/2018 |g 1 |l STACKS |m P01UTAMA |n 1 |r Y |s Y |t TESIS |u 13/8/2018 |1 STEM | ||
| 999 | |a TD7 UM 2018 MAZB |w LC |c 1 |i A516728988 |f 5/12/2018 |g 1 |l STACKS |m P07JURUTER |r Y |s Y |t TESIS |u 5/12/2018 |1 STEM | ||
| 999 | |a TD7 UM 2018 MAZB |w LC |c 2 |i A516728991 |f 5/12/2018 |g 1 |l COUNTER |m P07JURUTER |r Y |s Y |t CD |u 5/12/2018 | ||
